Schaum's Outline of Theory and Problems of Modern Physics (Record no. 3582)

MARC details
000 -LEADER
fixed length control field 01291cam a2200325 a 4500
001 - CONTROL NUMBER
control field 199244
003 - CONTROL NUMBER IDENTIFIER
control field OSt
005 - DATE AND TIME OF LATEST TRANSACTION
control field 20240426163252.0
008 - FIXED-LENGTH DATA ELEMENTS--GENERAL INFORMATION
fixed length control field 990714s1999 nyua 001 0 eng
010 ## - LIBRARY OF CONGRESS CONTROL NUMBER
LC control number 99027788
020 ## - INTERNATIONAL STANDARD BOOK NUMBER
International Standard Book Number 0070248303
035 ## - SYSTEM CONTROL NUMBER
System control number (DLC) 99027788
040 ## - CATALOGING SOURCE
Original cataloging agency DLC
Transcribing agency DLC
Modifying agency DLC
050 00 - LIBRARY OF CONGRESS CALL NUMBER
Classification number QC32
Item number .G34 1999
082 00 - DEWEY DECIMAL CLASSIFICATION NUMBER
Classification number 539 GAU 1999
Edition number 21
100 1# - MAIN ENTRY--PERSONAL NAME
Personal name Gautreau, Ronald; Savin, William
9 (RLIN) 8000
245 10 - TITLE STATEMENT
Title Schaum's Outline of Theory and Problems of Modern Physics
250 ## - EDITION STATEMENT
Edition statement 2nd ed.
260 ## - PUBLICATION, DISTRIBUTION, ETC. (IMPRINT)
Place of publication, distribution, etc. New York :
Name of publisher, distributor, etc. McGraw-Hill,
Date of publication, distribution, etc. 1999.
300 ## - PHYSICAL DESCRIPTION
Extent ix, 338 p. :
Other physical details ill. ;
Dimensions 28 cm.
490 0# - SERIES STATEMENT
Series statement Schaum's outline series
500 ## - GENERAL NOTE
General note Includes index.
650 #0 - SUBJECT ADDED ENTRY--TOPICAL TERM
Topical term or geographic name as entry element Modern Physics
9 (RLIN) 8001
856 42 - ELECTRONIC LOCATION AND ACCESS
Materials specified Publisher description
Uniform Resource Identifier http://www.loc.gov/catdir/description/mh023/99027788.html
856 41 - ELECTRONIC LOCATION AND ACCESS
Materials specified Table of contents
Uniform Resource Identifier http://www.loc.gov/catdir/toc/mh023/99027788.html
856 42 - ELECTRONIC LOCATION AND ACCESS
Materials specified Contributor biographical information
Uniform Resource Identifier http://www.loc.gov/catdir/enhancements/fy0739/99027788-b.html
906 ## - LOCAL DATA ELEMENT F, LDF (RLIN)
a 7
b cbc
c orignew
d 1
e ocip
f 19
g y-gencatlg
942 ## - ADDED ENTRY ELEMENTS (KOHA)
Source of classification or shelving scheme Dewey Decimal Classification
Koha item type Short Loan
Holdings
Withdrawn status Lost status Source of classification or shelving scheme Damaged status Not for loan Home library Current library Date acquired Source of acquisition Inventory number Total Checkouts Full call number Barcode Date last seen Koha item type
    Dewey Decimal Classification     MUST Main Library MUST Main Library 18/04/2016 Purchase 01/16065   539 GAU 1999 2016-0947 18/04/2016 Short Loan
    Dewey Decimal Classification     MUST Main Library MUST Main Library 18/04/2016 Purchase 01/16064   539 GAU 1999 2016-0948 18/04/2016 Short Loan